| 000 | 00491nam a2200181Ia 4500 | ||
|---|---|---|---|
| 001 | 10249 | ||
| 005 | 20260306161818.0 | ||
| 008 | 260306t2012||||xx |||||||||||||| ||spa|| | ||
| 041 | _aESP | ||
| 082 |
_a909.82 _bH62 |
||
| 100 |
_aHobsbawm, Eric J. _eAUT |
||
| 245 | 0 | _aLa era de la revolución 1789-1848, la era del capital 1848-1875, la era del imperio 1875-1914 | |
| 260 | _c2012 | ||
| 300 |
_a1089 pƔginas : _c24 cm. |
||
| 650 | _aGEN | ||
| 654 | _aCHU | ||
| 942 |
_cLIB _dJUS _fJUS _2ddc _n |
||
| 999 |
_c10249 _d10249 |
||